000 00940nam a2200241Ia 4500
003 GCL
008 140319s9999 xx 000 0 ara d
020 _a3514801977
040 _aGCL /
_cGCL
082 0 4 _aق
_b962
_bس م
100 1 _aسليم خليل النقاش
245 1 0 _aمصر للمصريين /
_cسليم خليل النقاش
260 _aالقاهرة :
_bالهيئة المصرية العامة للكتاب ،
_c1998
300 _a377 ص ؛
_c22 سم
490 _aالهيئة العامة للاستعلامات
_v0
650 0 4 _aالتاريخ
650 0 4 _aمصر - تاريخ
650 0 4 _aمصر - تاريخ - العصر الحديث (1805 - 1956 )
650 0 4 _aمصر - تاريخ - العصر الحديث - الثورة العرابية
650 0 4 _aمصر - تاريخ - العصر الحديث - الخديوى توفيق ( 1879-1892 م )
650 0 4 _aالعرابيين
942 _2ddc
_cBK
999 _c51661
_d51661